00626nam a22002057a 450000500170000001000110001702000100002803500110003803700160004904000120006508200160007710000290009324500820012226000320020427000580023630000200029450000610031465000240037565000210039920170124110113.0 a821098 c25.00 a821098 bCen Lib/Ret aDPLbEN a881.08bBHA aBhattacharyya, Arunodoy  aThe sonnet and the major english romantic poets cby Arunodoy Bhattacharyya  bFirma KLM aCalcutta c1976 bCalcutta a257B, bepin behari ganguly street e700012 a222p.c21cm(Hb) aIncludes appendix, bibliographical references and index  aEnglish literature  aRomantic poetry